| 000 | 00431nam a2200169Ia 4500 | ||
|---|---|---|---|
| 005 | 20250423101413.0 | ||
| 008 | 250422s9999 xx 000 0 und d | ||
| 020 | _a0674721098 | ||
| 050 | _aRC 451 .4 .W6P77/ | ||
| 100 | _aBernay , Toni | ||
| 245 | 4 | _aThe psychology of today's woman: new psychoanalytic | |
| 260 | _bHarvard University Press | ||
| 260 | _c1989 | ||
| 300 | _a377 p | ||
| 650 | _apsychoanalysis | ||
| 942 | _cBK | ||
| 999 |
_c36208 _d36208 |
||